The Scarlatti inheritance; (Record no. 350577)
[ view plain ]
| 000 -LEADER | |
|---|---|
| fixed length control field | 00589cam a2200217 4500 |
| 001 - CONTROL NUMBER | |
| control field | 3196420 |
| 003 - CONTROL NUMBER IDENTIFIER | |
| control field | OSt |
| 005 - DATE AND TIME OF LATEST TRANSACTION | |
| control field | 20180116183021.0 |
| 008 - FIXED-LENGTH DATA ELEMENTS--GENERAL INFORMATION | |
| fixed length control field | 710323s1971 nyu 000 1 eng |
| 010 ## - LIBRARY OF CONGRESS CONTROL NUMBER | |
| LC control number | 77133476 |
| 040 ## - CATALOGING SOURCE | |
| Original cataloging agency | DLC |
| Transcribing agency | DLC |
| Modifying agency | DLC |
| 050 00 - LIBRARY OF CONGRESS CALL NUMBER | |
| Classification number | PZ4.L9455 |
| Item number | Sc |
| Classification number | PS3562.U26 |
| 082 00 - DEWEY DECIMAL CLASSIFICATION NUMBER | |
| Classification number | 813.54 LUD 1971 |
| 100 1# - MAIN ENTRY--PERSONAL NAME | |
| Personal name | Ludlum, Robert, |
| Dates associated with a name | 1927-2001. |
| 245 14 - TITLE STATEMENT | |
| Title | The Scarlatti inheritance; |
| Remainder of title | a novel. |
| 260 ## - PUBLICATION, DISTRIBUTION, ETC. | |
| Place of publication, distribution, etc. | New York, |
| Name of publisher, distributor, etc. | World Pub. Co. |
| Date of publication, distribution, etc. | [1971] |
| 300 ## - PHYSICAL DESCRIPTION | |
| Extent | 354 p. |
| Dimensions | 24 cm. |
| 350 ## - PRICE (NR) (BK AM CF MU VM SE) [OBSOLETE] | |
| Price | $6.95 |
| 906 ## - LOCAL DATA ELEMENT F, LDF (RLIN) | |
| a | 7 |
| b | cbc |
| c | orignew |
| d | 2 |
| e | ncip |
| f | 19 |
| g | y-gencatlg |
| 942 ## - ADDED ENTRY ELEMENTS (KOHA) | |
| Source of classification or shelving scheme | |
| Koha item type | Book |
| Withdrawn status | Lost status | Source of classification or shelving scheme | Damaged status | Not for loan | Collection code | Permanent Location | Current Location | Shelving location | Date acquired | Total Checkouts | Full call number | Barcode | Date last seen | Price effective from | Koha item type |
|---|---|---|---|---|---|---|---|---|---|---|---|---|---|---|---|
| Damaged | Central Library (CL) | Central Library (CL) | General Stacks | 11/17/2015 | 813.54 LUD 1971 | NBSD-2154 | 11/17/2015 | 11/17/2015 | Book |
